[Event "ch-RUS Boys U20"]
[Site "Vladimir RUS"]
[Date "2002.03.09"]
[Round "8"]
[White "Chebotarev,O"]
[Black "Belov,Vl"]
[Result "0-1"]
[WhiteElo "2425"]
[BlackElo "2487"]

1.e4 c5 2.Nf3 d6 3.d4 cxd4 4.Nxd4 Nf6 5.Nc3 a6 6.g3 e5 7.Nb3 Be7 8.Bg2 Bg4
9.Qd3 Nbd7 10.h3 Be6 11.Nd5 Nb6 12.O-O Nbxd5 13.exd5 Bd7 14.c4 O-O 15.Be3 Nh5
16.Qe2 g6 17.Bh6 Re8 18.Rfe1 b6 19.Nd2 Ng7 20.Bxg7 Kxg7 21.b4 f5 22.c5 Bb5
23.Nc4 e4 24.c6 Bf6 25.Rac1 Qc7 26.g4 Bxc4 27.Rxc4 Re5 28.Rd4 b5 29.gxf5 gxf5
30.Kh1 Kh8 31.Rdd1 Rg8 32.Rg1 Qf7 33.a4 bxa4 34.Qxa6 f4 35.Rc1 f3 36.c7 Reg5
37.Bxf3 Qxc7 38.Bg4 Qg7 39.Rc8 Rxc8 40.Qxc8+ Qg8 41.Qa6 Qxd5 42.Rd1 Qb3 43.Qxd6 Bb2
44.Qf4  0-1

[Event "Masters"]
[Site "Pinamar ARG"]
[Date "2002.03.25"]
[Round "8"]
[White "Felgaer,R"]
[Black "Sunye Neto,J"]
[Result "1/2-1/2"]
[WhiteElo "2509"]
[BlackElo "2531"]

1.e4 c5 2.Nf3 d6 3.d4 cxd4 4.Nxd4 Nf6 5.Nc3 a6 6.g3 e5 7.Nde2 b5 8.Bg2 Bb7
9.h3 Nbd7 10.g4 Nc5 11.Ng3 b4 12.Nd5 Bxd5 13.exd5 g6 14.a3 a5 15.O-O Rb8
16.axb4 axb4 17.f4 Nfd7 18.Qe2 Bg7 19.Kh1 O-O 20.f5 Qh4 21.Qe3 e4 22.Nxe4 Rfe8
23.Qg5 Qxg5 24.Nxg5 gxf5 25.Bf4 Bxb2 26.Bxd6 Bxa1 27.Bxb8 Bc3 28.Bf4 h6 29.Nf3 fxg4
30.hxg4 Re2 31.Rc1 Nf6 32.Ng1 Re8 33.Bf3 Nce4 34.d6 Rd8 35.Kg2 Bd2 36.Rf1 Bxf4
37.Bxe4 Be5 38.Bf3 Rxd6 39.Rd1 Ra6 40.Rb1 Bc3 41.Ne2 Rd6 42.Nxc3 bxc3 43.Rd1 Rxd1
44.Bxd1 Kg7 45.Kf3 Kg6 46.Kf4 h5  1/2-1/2

[Event "Suetin Mem"]
[Site "Tula RUS"]
[Date "2002.03.28"]
[Round "6"]
[White "Kholmov,R"]
[Black "Okrugin,S"]
[Result "1/2-1/2"]
[WhiteElo "2441"]
[BlackElo "2373"]

1.e4 c5 2.Nf3 d6 3.d4 cxd4 4.Nxd4 Nf6 5.Nc3 a6 6.g3 e6 7.Bg2 Qc7 8.O-O Nc6
9.Nxc6 bxc6 10.Na4 Bb7 11.c4 c5 12.Re1 Nd7 13.f4 Be7 14.Be3 O-O 15.Qd2 Rad8
16.h3 Nf6 17.Qc2 Rc8 18.Nc3 Rfd8 19.Rad1 Bc6 20.Kh2 Nd7 21.Rd3 Ba8 22.Red1 Nf6
23.Qe2 Nd7 24.Qd2 Nf6 25.Kg1 Bc6 26.g4 Ne8 27.g5 Qb7 28.h4 Qb4 29.b3 a5 30.f5 a4
31.fxe6 fxe6 32.Qf2 Nc7 33.Qg3 axb3 34.axb3 Rf8 35.Qg4 Rcd8 36.Qe2 Bb7 37.Bf2 e5
38.Bh3 Bc8 39.Bxc8 Rxc8 40.Qg4 Rcd8 41.Bg3 Qb7 42.Na4 Rb8 43.Nc3 Qc8 44.Qxc8 Rfxc8
45.Nd5 Nxd5 46.exd5 Ra8 47.Kg2 Rcb8 48.Kf3 Ra3 49.Rb1 Ra2 50.Kg4 g6 51.Rf3 Rba8
52.Rf2 R2a3 53.Rc2 Rb8 54.Rc3 Ra2 55.Rf3 Rba8 56.Rbf1 Rb2 57.Rf7 Rf8 58.Rxf8+ Bxf8
59.Rf3 Be7 60.Re3 Bd8 61.Be1 Rg2+ 62.Kf3 Rb2 63.Ke4 Kg7 64.Rf3 Re2+ 65.Re3 Rb2
66.Bc3 Rh2 67.Be1 h6 68.gxh6+ Kxh6 69.b4 cxb4 70.Bxb4 Rxh4+ 71.Kd3 Be7 72.Ba5 Kg7  1/2-1/2

[Event "XI MKD-Cup"]
[Site "Stip MKD"]
[Date "2002.05.11"]
[Round "4"]
[White "Damceski,M"]
[Black "Kukutanov,G"]
[Result "1-0"]
[WhiteElo "2039"]
[BlackElo "2212"]

1.e4 c5 2.Nf3 d6 3.d4 cxd4 4.Nxd4 Nf6 5.Nc3 a6 6.g3 Nc6 7.Bg2 e6 8.O-O Be7
9.Nxc6 bxc6 10.e5 Nd5 11.Nxd5 cxd5 12.exd6 Qxd6 13.c4 Bb7 14.cxd5 exd5 15.Bf4 Qb4
16.Re1 Kf8 17.a3 Qb6 18.Rc1 Bc5 19.Qc2 Bd4 20.Qe2 Bc6 21.Rxc6 Bxf2+ 22.Kf1 Qxc6
23.Qe7+ Kg8 24.Bxd5 Qb5+ 25.Kxf2 Rf8 26.Bd6 Qxb2+ 27.Kf1 Qf6+ 28.Qxf6 gxf6
29.Bxf8 Kxf8 30.Rb1 Ke7 31.Rb6 Rd8 32.Be4 Rd4 33.Bxh7 Ra4 34.Rb3 Ra5 35.g4 Ke6
36.Kf2 Ke5 37.Bf5 Kf4 38.h4 Ra4 39.Rb4+  1-0

[Event "Vedior Trophy"]
[Site "Milan ITA"]
[Date "2002.05.17"]
[Round "2"]
[White "Contin,D"]
[Black "Astengo,C"]
[Result "1-0"]
[WhiteElo "2338"]
[BlackElo "2180"]

1.e4 c5 2.Nf3 d6 3.d4 cxd4 4.Nxd4 Nf6 5.Nc3 a6 6.g3 e6 7.Bg2 Be7 8.O-O Nc6
9.Nxc6 bxc6 10.e5 Nd5 11.exd6 Bxd6 12.Ne4 Bc7 13.Qg4 O-O 14.Bh6 Be5 15.Qh5 Qc7
16.Bc1 Bb7 17.Nc5 Bc8 18.Nd3 Bf6 19.c4 Ne7 20.Bf4 Qb6 21.Rad1 a5 22.Rd2 Rd8
23.Rfd1 Ba6 24.Ne5 Bxe5 25.c5 Bxf4 26.Rxd8+ Qxd8 27.Rxd8+ Rxd8 28.gxf4 g6
29.Qf3 Rd5 30.h3 Bb5 31.a4 Bxa4 32.Qc3 Rd1+ 33.Kh2 Nd5 34.Qxa5 Bb5 35.Qd8+ Kg7
36.Qd6 Rd2 37.Kg3 Rd3+ 38.Bf3 Ne3 39.Qe5+ f6 40.Qc7+ Kh6 41.fxe3 Rxe3 42.Qf7  1-0

[Event "Open A"]
[Site "Ostrava CZE"]
[Date "2002.05.19"]
[Round "2"]
[White "Smistik,M"]
[Black "Holeksa,Z"]
[Result "1-0"]
[WhiteElo "2238"]
[BlackElo "2087"]

1.e4 c5 2.Nf3 d6 3.d4 cxd4 4.Nxd4 Nf6 5.Nc3 a6 6.g3 e6 7.Bg2 Be7 8.O-O Qc7
9.Be3 Bd7 10.f4 Nc6 11.Qe2 O-O 12.Rae1 Rfd8 13.Kh1 Nxd4 14.Bxd4 Bb5 15.Nxb5 axb5
16.Qxb5 Rxa2 17.Bb6 Qd7 18.Qb3 Rda8 19.e5 Ne8 20.f5 d5 21.fxe6 fxe6 22.Qf3 Nf6
23.exf6 Bxf6 24.Bh3 Re8 25.Bd4  1-0

[Event "TCh-BIH"]
[Site "Neum BIH"]
[Date "2002.06.06"]
[Round "7"]
[White "Rosic,S"]
[Black "Benderac,S"]
[Result "0-1"]
[WhiteElo "2381"]
[BlackElo "2345"]

1.e4 c5 2.Nf3 d6 3.d4 cxd4 4.Nxd4 Nf6 5.Nc3 a6 6.g3 e5 7.Nb3 Be6 8.Bg2 Nbd7
9.O-O Be7 10.h3 b5 11.Be3 O-O 12.Qd2 Rc8 13.Kh2 b4 14.Nd5 Bxd5 15.exd5 a5
16.a3 a4 17.Nc1 bxa3 18.Rxa3 Nb6 19.Bxb6 Qxb6 20.Nd3 Rc4 21.c3 Ne4 22.Qe2 f5
23.Nxe5 dxe5 24.d6 Nxd6 25.Bd5+ Kh8 26.Bxc4 Nxc4 27.Qxc4 Bxa3 28.bxa3 Qa7
29.Qb5 e4 30.Qe5 h6 31.c4 Qf7 32.c5 Qb3 33.Qe7 Rc8 34.Qe5 Qxa3 35.c6 Qd3
36.Qe6 Rc7 37.Kg1 Qc2 38.Qxf5 Qxc6 39.Re1 Rc8 40.Ra1 Ra8 41.Kh2 Kg8 42.Ra3 Rf8
43.Qe5 Rxf2+ 44.Kg1 Rf8 45.Rc3 Qb6+ 46.Qc5 Qxc5+ 47.Rxc5 Ra8 48.Rc2 a3 49.Ra2 Kf7  0-1

[Event "Open"]
[Site "Lido Estensi ITA"]
[Date "2002.06.08"]
[Round "2"]
[White "Trabert,B"]
[Black "Timoscenko,G"]
[Result "0-1"]
[WhiteElo "2291"]
[BlackElo "2522"]

1.e4 c5 2.Nf3 d6 3.d4 cxd4 4.Nxd4 Nf6 5.Nc3 a6 6.g3 e6 7.Bg2 Be7 8.O-O Qc7
9.a4 Nc6 10.Be3 O-O 11.h3 Rb8 12.Re1 Nd7 13.Nb3 b6 14.f4 Re8 15.Bf2 Bf8 16.Qe2 Bb7
17.Rad1 Rbc8 18.Kh1 Na5 19.Nd2 Nc4 20.Nxc4 Qxc4 21.Qxc4 Rxc4 22.Rd4 Rxd4
23.Bxd4 Rc8 24.Re2 Bc6 25.Rd2 b5 26.axb5 axb5 27.Kh2 b4 28.Na2 Rb8 29.Nc1 e5
30.Bf2 Nf6 31.Re2 g6 32.Nd3 Bb5 33.Rd2 Bh6 34.Nxb4 exf4 35.Rxd6 Nd7 36.Nc6 Bxc6
37.Rxc6 Rxb2 38.Rc8+ Nf8 39.gxf4 Bxf4+ 40.Bg3 Bxg3+ 41.Kxg3 Kg7 42.e5 Rb5
43.Kf4 Ne6+ 44.Ke4 Rb1 45.Rc4 Rg1 46.Kf3 Re1 47.h4 Rxe5 48.Bh3 f5 49.Bf1 Kf6
50.Rb4 h6 51.Bd3 g5 52.hxg5+ hxg5 53.Rb6 g4+ 54.Kf2 Kg5 55.Rb5 Nc5 56.Be2 f4
57.c4 g3+ 58.Kf1 g2+ 59.Kxg2 Rxe2+ 60.Kf3 Re3+ 61.Kf2 Re5 62.Kf3 Kf5 63.Rb8 Re3+
64.Kg2 Rg3+ 65.Kf1 Rc3 66.Rf8+ Kg4 67.Rg8+  0-1

[Event "ISYG-W16"]
[Site "Moscow RUS"]
[Date "2002.06.22"]
[Round "5"]
[White "Zdebskaja,N"]
[Black "Chistiakova,T"]
[Result "1/2-1/2"]
[WhiteElo "2309"]
[BlackElo "2207"]

1.e4 c5 2.Nf3 d6 3.d4 cxd4 4.Nxd4 Nf6 5.Nc3 a6 6.g3 e5 7.Nde2 Be7 8.a4 b6
9.Bg2 Bb7 10.h3 Nbd7 11.g4 Nc5 12.Ng3 O-O 13.g5 Nfd7 14.Nf5 Bxg5 15.Qg4 Ne6
16.Nxd6 Bc6 17.Nf5 Bxc1 18.Rxc1 Kh8 19.Nd5 Nf6 20.Qg3 Nh5 21.Qg4 Nf6 22.Qg3  1/2-1/2

[Event "ISYG-W16"]
[Site "Moscow RUS"]
[Date "2002.06.23"]
[Round "6"]
[White "Zdebskaja,N"]
[Black "Dzagnidze,N"]
[Result "0-1"]
[WhiteElo "2309"]
[BlackElo "2358"]

1.e4 c5 2.Nf3 d6 3.d4 cxd4 4.Nxd4 Nf6 5.Nc3 a6 6.g3 e5 7.Nde2 Nbd7 8.Bg2 b5
9.h3 b4 10.Nd5 Nxd5 11.exd5 Be7 12.g4 a5 13.Ng3 Ba6 14.Nf5 O-O 15.Be3 g6
16.Nxe7+ Qxe7 17.Qd2 Rfc8 18.h4 Rc4 19.Bf1 Rd4 20.Bxd4 exd4+ 21.Kd1 Qe4 22.Rg1 Bxf1
23.Rxf1 Qxg4+ 24.Kc1 Rc8 25.f4 Nc5 26.Kb1 Ne4 27.Qd3 Qg2 28.Rd1 a4 29.a3 Nf2
30.Qf1 Qf3 31.Rxd4 b3 32.Rxa4 Rxc2 33.Ra8+ Kg7  0-1

[Event "Open Championships"]
[Site "Paris FRA"]
[Date "2002.07.10"]
[Round "5"]
[White "Rainfray,A"]
[Black "Shchekachev,A"]
[Result "0-1"]
[WhiteElo "2374"]
[BlackElo "2546"]

1.e4 c5 2.Nf3 d6 3.d4 cxd4 4.Nxd4 Nf6 5.Nc3 a6 6.g3 e6 7.Bg2 Be7 8.O-O O-O
9.h3 Qc7 10.Be3 Nc6 11.Nxc6 bxc6 12.Na4 Bb7 13.c4 c5 14.Nc3 Bc6 15.Qc2 Qb7
16.Rad1 Rad8 17.Kh2 Qa8 18.b3 Bb7 19.f4 Nd7 20.g4 Rfe8 21.Bf3 Nf8 22.g5 Ng6
23.Bh5 Qb8 24.Qf2 d5 25.cxd5 exd5 26.exd5 Bxg5 27.Bxg6 hxg6 28.Bxc5 Bf6 29.Bd4 Be7
30.Be5 Qc8 31.Qg3 Bb4 32.Rf2 Rxe5 33.fxe5 Qxc3 34.Qf4 f6 35.Rd4 g5 36.Qe4 Bc5
37.Rc4 Qe3 38.Qxe3 Bxe3 39.e6 Bxd5 40.e7 Re8  0-1

[Event "XVIII Open"]
[Site "Ferrol ESP"]
[Date "2002.07.19"]
[Round "3"]
[White "Janev,E"]
[Black "Ferreiro,M"]
[Result "1-0"]
[WhiteElo "2511"]
[BlackElo "2171"]

1.e4 c5 2.Nf3 d6 3.d4 cxd4 4.Nxd4 Nf6 5.Nc3 a6 6.g3 e6 7.Bg2 Be7 8.O-O O-O
9.a4 Qc7 10.Be3 Nc6 11.Qe2 Na5 12.Rad1 Rb8 13.g4 Re8 14.g5 Nd7 15.Kh1 b6
16.f4 Bf8 17.Rf3 Bb7 18.Rh3 g6 19.Qf2 Bg7 20.Nde2 f5 21.gxf6 Bxf6 22.f5 exf5
23.exf5 Bxg2+ 24.Qxg2 Ne5 25.Nd5 Qd8 26.Nef4 Nac4 27.Bd4 Bg7 28.Rf1 b5 29.b3 Na5
30.axb5 axb5 31.f6 Bxf6 32.Nxg6 Bg7 33.Nxe5  1-0

[Event "Capital of Siberia Open"]
[Site "Novosibirsk RUS"]
[Date "2002.07.21"]
[Round "3"]
[White "Kachkin,K"]
[Black "Ubiennykh,E"]
[Result "0-1"]
[WhiteElo "2112"]
[BlackElo "2225"]

1.e4 c5 2.Nf3 d6 3.d4 cxd4 4.Nxd4 Nf6 5.Nc3 a6 6.g3 e6 7.Bg2 Be7 8.O-O Qc7
9.Be3 Nc6 10.Qe2 O-O 11.Rad1 Bd7 12.a4 Rab8 13.f4 Rfc8 14.Nb3 Na5 15.e5 Ne8
16.exd6 Nxd6 17.Nc5 Bc6 18.Bh3 Re8 19.b4 Nac4 20.Nxe6 fxe6 21.Bxe6+ Kh8 22.Bxc4 Bf6
23.Rxd6 Qxd6 24.Rd1 Qxb4 25.Nd5 Bxd5 26.Bxd5 Rbd8 27.c4 Qxa4 28.Rd2 b5 29.Bf7 Rxd2
30.Qxd2 Rd8 31.Qe2 bxc4 32.Bb6 Qd1+ 33.Kf2 Rd2  0-1

[Event "Mercosur Cup"]
[Site "Vicente Lopez ARG"]
[Date "2002.07.26"]
[Round "9"]
[White "Spangenberg,H"]
[Black "Valerga,D"]
[Result "1/2-1/2"]
[WhiteElo "2508"]
[BlackElo "2487"]

1.e4 c5 2.Nf3 d6 3.d4 cxd4 4.Nxd4 Nf6 5.Nc3 a6 6.g3 e6 7.Bg2 Be7 8.O-O Qc7
9.Be3 O-O 10.f4 Nc6 11.Kh1 Bd7 12.Nb3 b5 13.a3 Bc8 14.g4 Re8 15.g5 Nd7 16.f5 Bf8
17.Qf3 Nce5 18.Qh3 Bb7 19.fxe6 Rxe6 20.Nd4 Ree8 21.Nf5 Rac8 22.Rf2 Qd8 23.Raf1 Rxc3
24.bxc3 Nc5 25.Bxc5 dxc5 26.Qg3 c4 27.h4 Bxa3 28.Nh6+ gxh6 29.gxh6+ Ng6 30.Rxf7 Rxe4
31.Rg7+ Kh8 32.Qc7 Qxh4+ 33.Kg1 Qxh6 34.Rxg6 Qxg6 35.Rf7 Re8 36.Qxb7 Bc5+
37.Kh2 Rg8 38.Qf3 Qh6+ 39.Qh3 Bd6+ 40.Kh1 Qxh3+ 41.Bxh3 Rg7 42.Rxg7 Kxg7
43.Bc8 a5 44.Ba6 a4 45.Bxb5 a3 46.Bxc4 Be5 47.Bb3 Bxc3 48.Ba2  1/2-1/2

[Event "Lost Boys Open"]
[Site "Amsterdam NED"]
[Date "2002.07.27"]
[Round "2"]
[White "Michielsen,J"]
[Black "Bezemer,A"]
[Result "0-1"]
[WhiteElo "2163"]
[BlackElo "2320"]

1.e4 c5 2.Nf3 d6 3.d4 cxd4 4.Nxd4 Nf6 5.Nc3 a6 6.g3 e5 7.Nde2 b5 8.Bg2 Bb7
9.h3 Nbd7 10.g4 Rc8 11.a3 Nb6 12.Ng3 d5 13.exd5 Nfxd5 14.O-O Ba8 15.Nce4 Be7
16.Nf5 O-O 17.Qd3 Qc7 18.c3 Rfd8 19.Nxe7+ Nxe7 20.Qg3 Ng6 21.Be3 Nc4 22.b3 Nf4
23.Bxf4 exf4 24.Qh4 Ne5 25.Rfe1 Ng6 26.Qg5 Rd5  0-1

[Event "2nd Summer Open"]
[Site "Savaria HUN"]
[Date "2002.07.30"]
[Round "6"]
[White "Radojevic,Z"]
[Black "Balazs,At"]
[Result "0-1"]
[WhiteElo "2195"]
[BlackElo "2205"]

1.e4 c5 2.Nf3 d6 3.d4 cxd4 4.Nxd4 Nf6 5.Nc3 a6 6.g3 e6 7.Bg2 Nbd7 8.O-O Qc7
9.a4 Be7 10.Qd2 Rb8 11.b3 b6 12.Bb2 Bb7 13.Rae1 O-O 14.h3 Rbc8 15.Kh2 Qb8
16.Ba3 Qa8 17.f3 Rc7 18.Nd1 Rfc8 19.c4 Nc5 20.Qe3 d5 21.exd5 exd5 22.Nf5 Bf8
23.Qg5 Ne6 24.Qc1 dxc4 25.bxc4 Rxc4 26.Qb2 Rc2 27.Nh6+ gxh6 28.Qxf6 Bxa3
29.Rxe6 R2c6 30.Rxc6 Rxc6 31.Qf5 Rg6 32.Ne3 Bd6 33.f4 Bxg2 34.Nxg2 Qe8 35.Rc1 Qxa4
36.Nh4 Qa2+ 37.Rc2 Qe6 38.Rc8+ Kg7 39.Qc2 Rf6 40.Rc6 Qd5 41.Rxb6 Qc5 42.Qb2 Be5  0-1

[Event "Lost Boys Open"]
[Site "Amsterdam NED"]
[Date "2002.08.01"]
[Round "7"]
[White "Michielsen,J"]
[Black "Van Egmond,R"]
[Result "1-0"]
[WhiteElo "2163"]
[BlackElo "2276"]

1.e4 c5 2.Nf3 d6 3.d4 cxd4 4.Nxd4 Nf6 5.Nc3 a6 6.g3 e5 7.Nde2 b5 8.Bg2 Bb7
9.O-O Nbd7 10.a4 b4 11.Nd5 Nxd5 12.exd5 Be7 13.a5 Rc8 14.Qd2 O-O 15.Qxb4 Rxc2
16.Nc3 Qa8 17.Qa4 Rxc3 18.Qxd7 Rxc1 19.Raxc1 Bd8 20.b4 Qb8 21.Rc4 f5 22.Rfc1 Bf6
23.Rc7  1-0

[Event "Stork Young Masters"]
[Site "Hengelo NED"]
[Date "2002.08.06"]
[Round "3"]
[White "Rainfray,A"]
[Black "Szeberenyi,A"]
[Result "0-1"]
[WhiteElo "2374"]
[BlackElo "2395"]

1.e4 c5 2.Nf3 d6 3.d4 cxd4 4.Nxd4 Nf6 5.Nc3 a6 6.g3 e5 7.Nde2 b5 8.Bg2 Nbd7
9.h3 Bb7 10.g4 Nb6 11.g5 Nfd7 12.Ng3 g6 13.O-O Be7 14.h4 O-O 15.Kh2 f6 16.gxf6 Nxf6
17.f4 b4 18.Nb1 d5 19.fxe5 Nxe4 20.Nxe4 dxe4 21.Rxf8+ Qxf8 22.Qg4 Qf5 23.Qxf5 gxf5
24.Bh3 Rd8 25.Bxf5 Rd1 26.Be3 Nd5 27.Be6+ Kg7 28.Bxd5 Bxd5 29.Nc3 Rxa1 30.Nxd5 Kf7
31.Nxe7 Kxe7 32.Bc5+ Ke6 33.Bxb4 Kxe5 34.Kg3 Rxa2 35.Kg4 Ra1 36.Bc3+ Kd5
37.Bh8 Rf1  0-1

[Event "It"]
[Site "Stockholm SWE"]
[Date "2002.08.07"]
[Round "5"]
[White "Olsson,An"]
[Black "Rytshagov,M"]
[Result "1/2-1/2"]
[WhiteElo "2327"]
[BlackElo "2503"]

1.e4 c5 2.Nf3 d6 3.d4 cxd4 4.Nxd4 Nf6 5.Nc3 a6 6.g3 e5 7.Nde2 Nbd7 8.a4 b6
9.Bg2 Bb7 10.h3 Be7 11.g4 Nc5 12.Ng3 g6 13.h4 Ne6 14.h5 O-O 15.g5 Nd7 16.Bh3 Nxg5
17.hxg6 fxg6 18.Bxg5 Bxg5 19.Qxd6 Nc5 20.Rd1 Qxd6 21.Rxd6 Rad8  1/2-1/2

[Event "ADCF Masters"]
[Site "Abu Dhabi UAE"]
[Date "2002.08.12"]
[Round "1"]
[White "Amer,Mo"]
[Black "Kaiumov,D"]
[Result "0-1"]
[WhiteElo "2189"]
[BlackElo "2460"]

1.e4 c5 2.Nf3 d6 3.d4 cxd4 4.Nxd4 Nf6 5.Nc3 a6 6.g3 e5 7.Nb3 Be7 8.Bg2 Nbd7
9.O-O b5 10.a4 b4 11.Nd5 a5 12.Be3 Bb7 13.h3 Nxd5 14.exd5 Bg5 15.f4 exf4
16.gxf4 Bf6 17.Nd4 O-O 18.c3 Re8 19.Bf2 bxc3 20.bxc3 Bh4 21.Rb1 Nc5 22.Nc6 Bxf2+
23.Rxf2 Qh4 24.Qd4 Ba6 25.Ne5 Rac8 26.Nf3 Qg3 27.Nd2 Bd3 28.Rf3 Qg6 29.f5 Bxf5
30.Rbf1 Re2 31.R1f2 Rxf2 32.Qxf2 Bd7 33.Rg3 Qh6 34.Nc4 Re8 35.Nxa5 Ne4 36.Bxe4 Rxe4
37.Nc6 Bxh3 38.Nd4 Bg4 39.a5 Qc1+ 40.Kh2 h5 41.a6 Qa1 42.Re3 Rxe3 43.Qxe3 Qxa6
44.Qe8+ Kh7 45.Qxf7 Qa2+ 46.Kg3 Qa1 47.Ne6 Qxc3+ 48.Kh4 Qh3+ 49.Kg5 Bxe6
50.Qg6+ Kh8  0-1

[Event "11th Open"]
[Site "Kavala GRE"]
[Date "2002.08.12"]
[Round "4"]
[White "Stanojoski,Z"]
[Black "Lonborg,M"]
[Result "1-0"]
[WhiteElo "2479"]
[BlackElo "2152"]

1.e4 c5 2.Nf3 d6 3.d4 cxd4 4.Nxd4 Nf6 5.Nc3 a6 6.g3 e6 7.Bg2 Be7 8.O-O O-O
9.h3 Qc7 10.g4 Nc6 11.Nb3 Ne5 12.a4 Nc4 13.Qe2 Nd7 14.Rd1 Rb8 15.Bf1 Nce5
16.f4 Ng6 17.Nd4 Nc5 18.f5 Ne5 19.Qe3 Nc6 20.Nf3 b6 21.Rb1 Nb4 22.Qe2 Bd7
23.Qc4 a5 24.Nd4 Rbc8 25.Ndb5 Qb8 26.Qe2 Bc6 27.Bf4 e5 28.Bg3 Rfd8 29.Bg2 Qb7
30.b3 d5 31.exd5 Nxd5 32.Nxd5 Bxd5 33.Rxd5 Rxd5 34.c4 e4 35.cxd5 Qxd5 36.Bf2 Bf6
37.Qe3 Rd8 38.Nc3 Qd3 39.Rd1 Qxe3 40.Rxd8+ Bxd8 41.Bxe3 Nxb3 42.Bxe4 Kf8
43.Bd5 Nc5 44.Bxc5+ bxc5 45.Kf2 Ke7 46.Ne4 Bb6 47.Ke2  1-0

[Event "Ellivuori WGM"]
[Site "Vammala FIN"]
[Date "2002.08.26"]
[Round "3"]
[White "Berzina,I"]
[Black "Rogule,L"]
[Result "1-0"]
[WhiteElo "2245"]
[BlackElo "2213"]

1.e4 c5 2.Nf3 d6 3.d4 cxd4 4.Nxd4 Nf6 5.Nc3 a6 6.g3 b5 7.Bg2 Bb7 8.O-O Nbd7
9.Re1 e5 10.Nf5 Qc7 11.Nd5 Nxd5 12.exd5 g6 13.Nh6 Bg7 14.Kh1 Nb6 15.b3 Rc8
16.Re2 f5 17.Rb1 Qe7 18.g4 Qh4 19.g5 f4 20.Qd4 Qh5 21.Re1 Nd7 22.Qxf4 Rf8
23.Qg3 Bxh6 24.gxh6 Rxc2 25.Be3 Nf6 26.Rbd1 Ng4 27.Kg1 Nxh6 28.Bd4 Nf5 29.Qd3 Rc7
30.Bb6 Re7 31.Rc1 Nh4 32.Qg3 Nf3+ 33.Bxf3 Rxf3 34.Qg2 Bxd5 35.Rc8+ Kf7 36.Rec1 Rd3
37.f3 Bxf3 38.Qg3 Be4 39.Rf1+ Kg7 40.Be3 Rd1 41.Rf8 Rxf1+ 42.Rxf1 Bf5 43.Bg5 Rf7
44.h4 Qg4 45.Qxg4 Bxg4 46.Bh6+ Kg8 47.Rc1 d5 48.Rc6 d4 49.Rxa6 Rd7 50.Kf2 d3
51.Bd2 Kf7 52.Rb6 Rd5 53.a4 bxa4 54.bxa4 Bd7 55.a5 Bc8  1-0

[Event "ECC"]
[Site "Halkidiki GRE"]
[Date "2002.09.22"]
[Round "1"]
[White "Popovic,Pe"]
[Black "Collier,D"]
[Result "1-0"]
[WhiteElo "2525"]
[BlackElo "2274"]

1.e4 c5 2.Nf3 d6 3.d4 cxd4 4.Nxd4 Nf6 5.Nc3 a6 6.g3 g6 7.Bg2 Bg7 8.O-O O-O
9.h3 Qc7 10.Nd5 Nxd5 11.exd5 Nd7 12.Re1 Re8 13.Be3 Nb6 14.b3 e5 15.dxe6 fxe6
16.c4 e5 17.Ne2 Be6 18.Nc3 Rad8 19.Rc1 Nc8 20.Bg5 Rd7 21.Nd5 Qb8 22.Nf4 Bf7
23.Qg4 Nb6 24.Nd5 Be6 25.Qh4 Nxd5 26.cxd5 Bf7 27.Qg4 Rc7 28.Rxc7 Qxc7 29.Rc1 Qa5
30.Qd7 Qb5 31.Rc7 Qxd7 32.Rxd7 Bf8 33.Rxb7 e4 34.Ra7 Bxd5 35.Rxa6 Ba8 36.Bf1 d5
37.Bb5 Rb8 38.Bd7 Bg7 39.Bf4 Rd8 40.Be6+ Kh8 41.b4 Bd4 42.b5 Bb7 43.Ra4 Bf6
44.Ra7  1-0

[Event "Autumn I"]
[Site "Alushta UKR"]
[Date "2002.09.25"]
[Round "15"]
[White "Livshits,G"]
[Black "Obukhov,A"]
[Result "1-0"]
[WhiteElo "2380"]
[BlackElo "2444"]

1.e4 c5 2.Nf3 d6 3.d4 cxd4 4.Nxd4 Nf6 5.Nc3 a6 6.g3 e6 7.Bg2 Be7 8.O-O Qc7
9.Be3 O-O 10.f4 Nc6 11.Nxc6 bxc6 12.Na4 Rb8 13.c4 c5 14.b3 Bb7 15.Nc3 Nd7
16.Qd2 Rbd8 17.Rad1 g6 18.f5 Rfe8 19.Bg5 Ne5 20.fxe6 fxe6 21.Bh6 Ng4 22.Bh3 Nxh6
23.Bxe6+ Kg7 24.Nd5  1-0

[Event "ECC"]
[Site "Halkidiki GRE"]
[Date "2002.09.27"]
[Round "6"]
[White "Atlas,V"]
[Black "Olafsson,H"]
[Result "1-0"]
[WhiteElo "2501"]
[BlackElo "2476"]

1.e4 c5 2.Nf3 d6 3.d4 cxd4 4.Nxd4 Nf6 5.Nc3 a6 6.g3 e5 7.Nb3 Be7 8.Bg2 Nbd7
9.O-O b5 10.Bd2 O-O 11.a4 b4 12.Nd5 Nxd5 13.exd5 a5 14.c3 Rb8 15.Re1 Ba6
16.cxb4 axb4 17.Re4 Nc5 18.Rxb4 Rxb4 19.Bxb4 Nd3 20.Ba5 Qb8 21.Bf1 Nxb2 22.Qc2 Bxf1
23.Kxf1 Qb7 24.Qxb2 Rb8 25.Rb1 Qxd5 26.Kg1 Qc4 27.Qa2 d5 28.Rc1  1-0

[Event "ECC"]
[Site "Halkidiki GRE"]
[Date "2002.09.28"]
[Round "7"]
[White "Stanojoski,Z"]
[Black "Vydeslaver,A"]
[Result "1-0"]
[WhiteElo "2479"]
[BlackElo "2430"]

1.e4 c5 2.Nf3 d6 3.d4 cxd4 4.Nxd4 Nf6 5.Nc3 a6 6.g3 e5 7.Nde2 Be7 8.Bg2 Nbd7
9.h3 b5 10.g4 b4 11.Nd5 Nxd5 12.exd5 a5 13.O-O Ba6 14.Re1 Bxe2 15.Qxe2 O-O
16.a3 Nc5 17.axb4 axb4 18.Be3 Qb6 19.Qc4 Rac8 20.c3 Qb8 21.cxb4 Nd7 22.Qb3 Bd8
23.Qa4 Nb6 24.Qa6 Rc2 25.Rec1 Rxb2 26.Qa3 Re2 27.Qd3 Rb2 28.Qa3 Re2 29.Bf3 Rxe3
30.fxe3 Bg5 31.Kg2 g6 32.Rc6 f5 33.Qa7 Qxa7 34.Rxa7 e4 35.Bd1 Bxe3 36.Rb7 Nc8
37.Rb8 Ne7 38.Rxf8+ Kxf8 39.Rxd6 Ke8 40.Ba4+ Kf7 41.Bb3 Nc8 42.Rd8 Nb6 43.d6+ Kf6
44.Re8 Bf4 45.gxf5 gxf5 46.h4 h5 47.Re6+ Kg7 48.d7  1-0

[Event "Eu Rapid Ch"]
[Site "Panormo GRE"]
[Date "2002.10.01"]
[Round "11"]
[White "Movsesian,S"]
[Black "Van Wely,L"]
[Result "1-0"]
[WhiteElo "2654"]
[BlackElo "2645"]

1.e4 c5 2.Nf3 d6 3.d4 cxd4 4.Nxd4 Nf6 5.Nc3 a6 6.g3 e5 7.Nb3 Be7 8.Bg2 Nbd7
9.O-O b5 10.Bd2 O-O 11.Re1 Re8 12.a4 b4 13.Nd5 Nxd5 14.exd5 a5 15.c3 bxc3
16.Bxc3 Qb6 17.Ra3 Nc5 18.Nxa5 Rxa5 19.b4 Ra7 20.a5 Qc7 21.bxc5 Qxc5 22.Qa1 Ba6
23.Bd2 Qc8 24.Rc1 Rc7 25.Rac3 Rxc3 26.Rxc3 Qa8 27.h3 Rb8 28.Rc6 Bb5 29.a6 Bxc6
30.dxc6 e4 31.Bxe4 Bf6 32.Qa4  1-0

[Event "Eu Blitz Ch"]
[Site "Panormo GRE"]
[Date "2002.10.02"]
[Round "10"]
[White "Movsesian,S"]
[Black "Sakaev,K"]
[Result "1-0"]
[WhiteElo "2651"]
[BlackElo "2647"]

1.e4 c5 2.Nf3 d6 3.Nc3 a6 4.d4 cxd4 5.Nxd4 Nf6 6.g3 e6 7.Bg2 Qc7 8.O-O Nc6
9.Re1 Be7 10.Nxc6 bxc6 11.e5 dxe5 12.Rxe5 O-O 13.Bf4 Qb7 14.Na4 Rd8 15.Qf3 Nd5
16.Bd2 Bf6 17.Re4 e5 18.Rae1 Ne7 19.Ba5 Rd5 20.Bc3 Bf5 21.Rb4 Qc7 22.Nb6 Rad8
23.Nxd5 cxd5 24.g4 Be6 25.g5 Bxg5 26.Bxe5 Qxc2 27.Qg3 Bh6 28.Rb7 Nf5 29.Qc3 Qa4
30.Qc7 Rf8 31.Bd6 Nxd6 32.Qxd6 Bf4 33.Qe7 Qc6 34.h3 Bd6 35.Rxe6  1-0

[Event "Olympiad"]
[Site "Bled SLO"]
[Date "2002.10.30"]
[Round "5"]
[White "Zagrebelny,S"]
[Black "Ftacnik,L"]
[Result "1/2-1/2"]
[WhiteElo "2525"]
[BlackElo "2603"]

1.e4 c5 2.Nf3 d6 3.d4 cxd4 4.Nxd4 Nf6 5.Nc3 a6 6.g3 e5 7.Nb3 Be7 8.Bg2 b5
9.O-O Bb7 10.Bd2 Nbd7 11.Re1 Nb6 12.Na5 Qc7 13.a4 b4 14.Na2 Nxa4 15.Nxb4 Qxa5
16.Nd5 Qd8 17.Nxf6+ Bxf6 18.Rxa4 O-O 19.Bb4 Be7 20.Qd2 Rc8 21.Bh3 Rb8 22.b3 Qb6
23.Ba5 Qb5 24.Bc7 Ra8 25.Rb4 Qc6 26.Rc4 Qb5 27.Rb4 Qc6 28.Rc4 Qb5 29.Rb4  1/2-1/2

[Event "Olympiad w"]
[Site "Bled SLO"]
[Date "2002.11.01"]
[Round "7"]
[White "Borulya,E"]
[Black "Calotescu,C"]
[Result "1/2-1/2"]
[WhiteElo "2348"]
[BlackElo "2324"]

1.e4 c5 2.Nf3 d6 3.d4 Nf6 4.Nc3 cxd4 5.Nxd4 a6 6.g3 g6 7.Bg2 Bg7 8.O-O O-O
9.Nd5 Nbd7 10.Re1 Ne5 11.b3 Bg4 12.Qd2 h5 13.Rb1 h4 14.Bb2 hxg3 15.hxg3 Rc8
16.c4 Bd7 17.a4 Re8 18.f4 Neg4 19.Rbd1 b5 20.axb5 axb5 21.cxb5 Nxd5 22.exd5 Qb6
23.Bf3 Nf6 24.Rc1 Rxc1 25.Rxc1 Ra8 26.Ra1 Rxa1+ 27.Bxa1 Bxb5 28.Kg2 Bd7 29.Qe2 Kf8
30.Qc4 Ng4 31.Bxg4 Bxg4 32.Bc3 Bf6 33.b4 Qa7 34.b5 Kg7 35.Nc2 Bf5 36.Bxf6+ exf6
37.Nd4 Be4+ 38.Kf2 Qa3 39.Ne6+ fxe6 40.Qxe4 Qb2+ 41.Kg1 Qxb5 42.Qxe6 Qb6+
43.Kg2 Qc7 44.Kh3  1/2-1/2

[Event "Olympiad"]
[Site "Bled SLO"]
[Date "2002.11.04"]
[Round "9"]
[White "Safin,S"]
[Black "Sadykov,R"]
[Result "1/2-1/2"]
[WhiteElo "2542"]
[BlackElo "2400"]

1.e4 c5 2.Nf3 d6 3.d4 cxd4 4.Nxd4 Nf6 5.Nc3 a6 6.g3 e5 7.Nb3 Be7 8.Bg2 b5
9.O-O Bb7 10.Bd2 Nbd7 11.a4 bxa4 12.Rxa4 Nb6 13.Ra2 Nc4 14.Qe2 Rc8 15.Nd5 Nxd5
16.exd5 O-O 17.Na5 Nxa5 18.Bxa5 Qd7 19.c4 f5 20.b3 Bf6 21.Rd1 e4 22.Bb6 Rb8
23.Qd2 Bc8 24.c5 dxc5 25.Bxc5 Rd8 26.b4 Be5 27.Qg5 Re8 28.Bf1 h6 29.Qg6 f4
30.Bxa6 Bxa6 31.Rxa6 e3 32.fxe3 fxe3 33.Re6 Bc3 34.Bxe3 Bxb4 35.Qg4 h5 36.Rxe8+ Qxe8
37.Qf4 Bd6 38.Qf2 Qe4 39.Bf4 Rb2 40.Qxb2 Bc5+ 41.Qf2 Bxf2+ 42.Kxf2  1/2-1/2

[Event "Olympiad w"]
[Site "Bled SLO"]
[Date "2002.11.10"]
[Round "14"]
[White "Krupkova,P"]
[Black "Dengler,D"]
[Result "1-0"]
[WhiteElo "2296"]
[BlackElo "2107"]

1.e4 c5 2.Nf3 d6 3.Nc3 a6 4.d4 cxd4 5.Nxd4 Nf6 6.g3 e5 7.Nb3 Be7 8.Bg2 O-O
9.O-O Be6 10.Nd5 Nxd5 11.exd5 Bf5 12.a4 Nd7 13.a5 Rc8 14.c3 Nc5 15.Nxc5 Rxc5
16.Qa4 Qc8 17.Be3 Bd7 18.Qb3 Rb5 19.Qa3 f5 20.f4 e4 21.Rfd1 Bd8 22.b4 b6
23.Bf1 bxa5 24.Bxb5 Bxb5 25.bxa5 Be7 26.Rac1 Qc4 27.Rd4 Qe2 28.c4 Be8 29.Rd2 Qf3
30.Rf1 Qg4 31.c5 dxc5 32.d6 Bh4 33.Bxc5 Bd7 34.Qb3+ Kh8 35.Rb1 h5 36.Qe3 Bd8
37.Bb6 h4 38.Bxd8 Rxd8 39.Rb7 Bc6 40.Rc7 Rb8 41.Re2 Bd5 42.d7 Be6 43.Rb7 Rd8
44.Rd2 Qh5 45.Qb6  1-0